Sports Quiz

Random Sports or NFL Quiz

NFL Best Pass-Rushing Corps - AFC Quiz Stats

 Plays Quiz not verified by Sporcle

Challenge
Share
Tweet
Embed
Score 0/67 Timer 07:00
0 Plays Today
Team Player % Correct
Bills - 2013Mario Williams
95.7%
Bills - 2013Kyle Williams
94.9%
Patriots - 1984Toby Williams
94.9%
Chargers - 1986Lee Williams
94.9%
Ravens - 2006Terrell Suggs
85.5%
Bengals - 2001Justin Smith
82.1%
Texans - 2012Antonio Smith
82.1%
Chargers - 1986Billy Ray Smith
82.1%
Chiefs - 1990Neil Smith
82.1%
Ravens - 2006Adalius Thomas
78.6%
Texans - 2012J.J. Watt
78.6%
Chiefs - 1990Derrick Thomas
78.6%
Steelers - 1994Kevin Greene
69.2%
Titans - 2000Jevon Kearse
65.8%
Colts - 1989Ezra Johnson
63.2%
Broncos - 1984Rulon Jones
63.2%
Raiders - 1985Sean Jones
63.2%
Broncos - 1984Tom Jackson
60.7%
Jets - 1985Mark Gastineau
59%
Steelers - 1994Chad Brown
56.4%
Raiders - 1985Howie Long
53%
Steelers - 1994Greg Lloyd
48.7%
Bills - 2013Marcel Dareus
47.9%
Patriots - 1984Andre Tippett
46.2%
Ravens - 2006Bart Scott
34.2%
Jets - 1985Joe Klecko
32.5%
Ravens - 2006Trevor Pryce
29.1%
Browns - 1993Clay Matthews
29.1%
Raiders - 1985Greg Townsend
29.1%
Chargers - 1986Leslie O'Neal
27.4%
Bills - 2013Jerry Hughes
25.6%
Bengals - 2001Reinard Wilson
25.6%
Broncos - 1984Karl Mecklenburg
25.6%
Texans - 2012Connor Barwin
24.8%
Team Player % Correct
Browns - 1993Michael Dean Perry
23.9%
Jaguars - 1999Kevin Hardy
23.9%
Jaguars - 1999Tony Brackens
21.4%
Texans - 2012Whitney Mercilus
17.9%
Chiefs - 1990Chris Martin
17.9%
Titans - 2000Eddie Robinson
17.1%
Jets - 1985Marty Lyons
13.7%
Jets - 1985Barry Bennett
12%
Dolphins - 1983A.J. Duhe
12%
Jaguars - 1999Gary Walker
12%
Raiders - 1985Bill Pickel
12%
Dolphins - 1983Doug Betters
10.3%
Colts - 1989Donnell Thompson
10.3%
Dolphins - 1983Bob Baumhower
9.4%
Bengals - 2001Takeo Spikes
9.4%
Titans - 2000Kenny Holmes
8.5%
Colts - 1989Duane Bickett
8.5%
Colts - 1989Jon Hand
6.8%
Dolphins - 1983Charles Bowser
6%
Bengals - 2001Brian Simmons
6%
Browns - 1993Rob Burnett
6%
Browns - 1993Anthony Pleasant
4.3%
Chiefs - 1990Dan Saleaumua
4.3%
Steelers - 1994Ray Seals
3.4%
Jaguars - 1999Joel Smeenge
3.4%
Chiefs - 1990Bill Maas
3.4%
Patriots - 1984Don Blackmon
2.6%
Titans - 2000Greg Favors
2.6%
Titans - 2000John Thornton
2.6%
Titans - 2000Joe Salave'a
2.6%
Broncos - 1984Barney Chavous
1.7%
Patriots - 1984Dennis Owens
0.9%
Chargers - 1986Dee Hardison
0.9%

You're not logged in!

Compare scores with friends on all Sporcle quizzes.
Join for Free
OR
Log In

You Might Also Like...

Show Comments

Extras

Created Sep 13, 2014ReportNominate
Tags:NFL Quiz, afc, corp, player, sack, season, team

Top Quizzes Today


Score Distribution

Your Account Isn't Verified!

In order to create a playlist on Sporcle, you need to verify the email address you used during registration. Go to your Sporcle Settings to finish the process.

Report this User

Report this user for behavior that violates our Community Guidelines.

Details: